| 000 | 00000nam 2200000zi 4500 |
| 001 | 9.944498 |
| 003 | CaOODSP |
| 005 | 20250822142544 |
| 006 | m o d f |
| 007 | cr |n||||||||| |
| 008 | 241025t20242024onca o f00| 0 eng d |
| 020 | |a9780660741802 |
| 040 | |aCaOODSP|beng|erda|cCaOODSP |
| 043 | |an-cn--- |
| 086 | 1 |aM4-255/2024E-PDF |
| 245 | 00|aEvaluation highlights : |bIndigenous Advisory and Monitoring Committees (IAMC) / |cprepared by Natural Resources Canada. |
| 264 | 1|a[Ottawa] : |bNatural Resources Canada = Ressources naturelles Canada, |c2024. |
| 264 | 4|c©2024 |
| 300 | |a1 online resource (6, [1] pages) : |billustrations |
| 336 | |atext|btxt|2rdacontent |
| 337 | |acomputer|bc|2rdamedia |
| 338 | |aonline resource|bcr|2rdacarrier |
| 500 | |aIssued also in French under title: Points saillants de l'évaluation : Comités consultatifs et de surveillance Autochtones (CCSA). |
| 500 | |aCaption title. |
| 520 | |a"This document presents a summary of the findings, recommendations, and response to the first evaluation of the Indigenous Advisory and Monitoring Committees (IAMCs). The evaluation was conducted by Innovation 7, with leadership from the Natural Resources Canada (NRCan) Audit and Evaluation Branch, and in close collaboration with representatives from the IAMCs. Data to inform findings was mostly collected between September 2021 and May 2022. As a result, the evaluation does not consider more recent events and decisions with an implication on the design and delivery of the IAMCs (e.g., United Nations Declaration on the Rights of Indigenous Peoples Act Action Plan released in June 2023). The full evaluation is available to read on NRCan’s website"--Background, page 1. |
| 650 | 0|aSustainable development|xGovernment policy|zCanada. |
| 650 | 0|aEnergy development|xGovernment policy|zCanada. |
| 650 | 0|aIndigenous peoples|zCanada|xGovernment relations. |
| 650 | 0|aIndigenous peoples|xGovernment policy|zCanada. |
| 710 | 1 |aCanada. |bNatural Resources Canada, |eissuing body. |
| 775 | 08|tPoints saillants de l'évaluation : |w(CaOODSP)9.944500 |
| 776 | 0#|tEvaluation highlights : |w(CaOODSP)9.944499 |
| 856 | 40|qPDF|s6.85 MB|uhttps://publications.gc.ca/collections/collection_2025/rncan-nrcan/M4-255-2024-eng.pdf |
| 856 | 4 |qHTML|sN/A|uhttps://natural-resources.canada.ca/corporate/planning-reporting/audit-and-evaluation/evaluation-highlights-indigenous-advisory-monitoring-committees-iamcs |